000
00396nam a2200133Ia 4500
008
151001s9999||||xx |||||||||||||| ||und||
100
_a
सुदर्शन भाटीया
245
_a
विश्र्वप्रसिध्द महापुरुषो के
250
_a
1
260
_b
किताबहार
260
_c
2009
300
_a
120
365
_b
21
999
_c
994324
_d
994321